书目信息 |
| 题名: |
中国戏剧美学的文化阐释
|
|
| 作者: | 姚文放 著 | |
| 分册: | ||
| 出版信息: | 北京 中国人民大学出版社 1997.01 |
|
| 页数: | 439页 | |
| 开本: | 20cm | |
| 丛书名: | ||
| 单 册: | ||
| 中图分类: | J801 | |
| 科图分类: | ||
| 主题词: | 戏剧--艺术理论 | |
| 电子资源: | ||
| ISBN: | 7-300-02193-X | |
| 000 | 00574nam0 2200193 45 | |
| 001 | 0303131570 | |
| 005 | 20030313153030.5 | |
| 010 | @a7-300-02193-X@d17.00元 | |
| 100 | @a20030313d1997 km y0chiy0120 ea | |
| 101 | 0 | @achi |
| 105 | @a z 000yy | |
| 200 | 1 | @a中国戏剧美学的文化阐释@AZhong Guo Xi Ju Mei Xue De Wen Hua Chan Shi@f姚文放著@FYao Wen Fang Zhu |
| 210 | @a北京@c中国人民大学出版社@d1997.01 | |
| 215 | @a439页@d20cm | |
| 606 | 0 | @a戏剧@x艺术理论 |
| 690 | @aJ801@v3 | |
| 701 | 0 | @a姚文放@4著 |
| 801 | @aCN@bPftUser@c20030313 | |
| 905 | @aBZT@b345254-256@dJ801@e1@f3 | |
| 中国戏剧美学的文化阐释/姚文放著.-北京:中国人民大学出版社,1997.01 |
| 439页;20cm |
| ISBN 7-300-02193-X:17.00元 |
| ● |
| 相关链接 |
|
|
|
正题名:中国戏剧美学的文化阐释
索取号:J801/1
 
预约/预借
| 序号 | 登录号 | 条形码 | 馆藏地/架位号 | 状态 | 备注 |
| 1 | 345254 | 201370417 | 样本书库/样002架B面2层2列/ [索取号:J801/1] | 在馆 | |
| 2 | 345255 | 201370426 | 中心书库中库/ 中库021架B面2列1层19/ [索取号:J801/1] | 在馆 | |
| 3 | 345256 | 201370435 | 中心书库中库/ 中库021架B面2列1层20/ [索取号:J801/1] | 在馆 |